00577nai a2200157Ia 4500003000900000008004100009022002200050040001600072245007200088260001400160310001400174362002500188521006900213650004400282856009300326IN-BaIIA211028c9999 xx s 000 0 eng d a2475-742X (Print) cIIA Library 0aCPSS Transactions on Power Electronics and Applicationsh[eJournal] aUSAbCPSS aQuarterly a1(1); 2016 - Present bSubscribed through National Knowledge Resource Consortium (NKRC) aPower, Energy and Industry Applications uhttps://ieeexplore.ieee.org/servlet/opac?punumber=7873541yClick Here to Access eJournal